Statistics for Schools of Philosophy - Tile Quiz

Click here to take the quiz!

General Stats

  • This quiz has been taken 344 times
  • The average score is 29 of 45

Answer Stats

QuestionTileSelect% Correct
UtilitariansRené DescartesNo
87%
UtilitariansPlatoNo
86%
EmpiricistsAverroesNo
84%
EmpiricistsBaruch SpinozaNo
82%
RationalistsAristotleNo
81%
Analytic PhilosophersJohn LockeNo
81%
Continental PhilosophersBertrand RussellNo
78%
UtilitariansJohn Stuart MillYes
78%
Analytic PhilosophersDavid HumeNo
77%
RationalistsJeremy BenthamNo
77%
EmpiricistsPythagorasNo
77%
UtilitariansPhilippa FootNo
76%
UtilitariansJean-Jacques RousseauNo
75%
UtilitariansNiccolò MachiavelliNo
72%
RationalistsRené DescartesYes
71%
Analytic PhilosophersJacques DeriddaNo
70%
RationalistsGeorge BerkeleyNo
69%
Analytic PhilosophersFriedrich NietzscheNo
68%
Continental PhilosophersRobert NozickNo
68%
RationalistsDavid HumeNo
67%
EmpiricistsImmanuel KantNo
67%
UtilitariansJeremy BenthamYes
67%
Continental PhilosophersRené DescartesNo
67%
Analytic PhilosophersBertrand RussellYes
65%
Continental PhilosophersThomas AquinasNo
65%
EmpiricistsDavid HumeYes
64%
RationalistsJohn LockeNo
64%
Continental PhilosophersMartin HeideggerYes
64%
Analytic PhilosophersImmanuel KantNo
63%
EmpiricistsJohn Stuart MillNo
62%
EmpiricistsJohn LockeYes
60%
EmpiricistsFrancis BaconYes
59%
RationalistsGottfried Wilhelm LeibnizYes
59%
Continental PhilosophersMichel FoucaultYes
57%
Continental PhilosophersSimone de BeauvoirYes
57%
Continental PhilosophersSøren KierkegaardYes
56%
Analytic PhilosophersKarl PopperYes
55%
RationalistsBaruch SpinozaYes
53%
Continental PhilosophersLudwig WittgensteinNo
50%
Analytic PhilosophersGottlob FregeYes
45%
UtilitariansPeter SingerYes
43%
Analytic PhilosophersW. V. O. QuineYes
43%
EmpiricistsAristotleYes
26%
RationalistsPlatoYes
25%
UtilitariansR. M. HareYes
22%

Score Distribution

Percentile by Number Answered

Percent of People with Each Score

Your Score History

You have not taken this quiz